000 00316nam a22001457a 4500
008 221114b ||||| |||| 00| 0 eng d
020 _a852700237
041 _aeng
080 _2VOLUME 7
_a030
082 _a030HEF
100 _a44.1
101 _aENC
245 _aHISTORY OF SCIENCE
_cHEFFER
942 _2udc
_cBK
999 _c58895
_d58895